W jaki sposób rzeczy mogą być połączone? - Statystyki

Ogólne statystyki
  • Ten quiz został rozwiązany 8 razy
  • Średni wynik to 2 z 7
Statystyki odpowiedzi
Hint Odpowiedź % Poprawnych
1. klejem
88%
2. taśmą
63%
3. kablem
38%
6. śrubami
25%
7. trytytką
25%
5. gwoźdźmi
0%
4. nićmi
0%
Nie znaleziono quizów pasujących do podanych kryteriów
Rozkład punktacji
Procent ludzi z każdym wynikiem
Percentyl według liczby udzielonych odpowiedzi
Twoja historia wyników
Nie rozwiązałeś tego quizu